Państwa graniczące z poprzednim po znanych osobach - Statystyki

Ogólne statystyki
  • Ten quiz został rozwiązany 23 razy
  • Średni wynik to 10 z 11
Statystyki odpowiedzi
Osoba Zawód Państwo % Poprawnych
Adolf Hitler polityk Austria
100%
Pele piłkarz Brazylia
100%
Ewa Farna piosenkarz Czechy
100%
Maryla Rodowicz piosenkarz Polska
100%
Lionel Messi piłkarz Argentyna
91%
Shakira piosenkarz Kolumbia
91%
Bernard Arnault biznesmen Francja
87%
Bona Sforza królowa Włochy
87%
Mario Llosa pisarz Peru
74%
Simon Bolivar przywódca walk Wenezuela
74%
Pablo Neruda poeta noblista Chile
70%
Nie znaleziono quizów pasujących do podanych kryteriów
Rozkład punktacji
Procent ludzi z każdym wynikiem
Percentyl według liczby udzielonych odpowiedzi
Twoja historia wyników
Nie rozwiązałeś tego quizu